000
00241nam a22001097a 4500
003
SGT
100
_a
KUNDRA, S.K.
245
_a
VECTAR CALCULUS (BA/ B. Sc.-1)
260
_a
NEW DELHI
_b
JEEVANSONS
_c
2016
300
_a
V.P.
942
_2
ddc
_c
FPS
_0
16
999
_c
10089
_d
10089